ระบบห้องสมุดอัตโนมัติ ULibM
วิทยาลัยพยาบาลบรมราชชนนี พระพุทธบาท
เปลี่ยนเป็นภาษาไทย

Change to English
 แสดงรายละเอียดบรรณานุกรม
  กลับหน้าหลัก

Brief Record : Get Marc (ISO 2709) : E-mail record : QR code ปิดหน้าต่าง
E-books : เกี่ยวกับ Collections
LEADER 00000nam 2200000uu 4500
001    13399122593
003     ULIBM
008    221112s2012 th a 000 0 tha d
020    9780857256454
100    Desiree Tait
245    Acute and Critical Care in Adult Nursing
250    พิมพ์ครั้งที่ 1
260    Singapore :^bMPG Book Group,^c2012
300    226 หน้า
856    ^z011793-1.jpg (สารบัญวารสาร)^uhttp://lib.bcnpb.ac.th/ulib6//_fulltext/serialcontent/13399122593/011793-1.jpg
945    ^p0^l0^i011793
999    ^aน.ส.เรวดี วงษ์สุวรรณ์
รายการนี้ยังไม่มีแท็ก
คุณยังไม่ได้ล็อกอิน คุณสามารถมีกิจกรรมร่วมกับเว็บไซต์ได้ แต่ต้องล็อกอินก่อน ::
  ล็อกอิน
ลำดับที่ ประเภท เลขเรียก สถานที่ สถานะ
1. หนังสือ
หนังสือ
WY152 T111a 2012  
  
วิทยาลัยพยาบาลบรมราชชนนี พระพุทธบาท
►หนังสือทั่วไป
On Shelf
   [แสดง 1/1 รายการ]

Bib 13399122593